000 01127nam a2200265 i 4500
001 bg
245 1 0 _aŚrodkowoeuropejskie studia polityczne. =
_bCentral European political studies /
_cred. Ryszard Paradowski, Szymon Ossowski, Ewa Jurga
_n1/2004.
260 _aPoznań :
_bWydaw. Naukowe Instytutu Nauk Politycznych i Dziennikarstwa Uniwersytetu im. Adama Mickiewicza,
_c2004.
490 1 _x1731-7517
500 _aTekst częśc. franc., ros., streszcz. ang.
504 _aBibliogr. przy art.
650 9 _aMarketing polityczny
_xzagadnienia
651 9 _aEuropa Środkowo-Wschodnia
_xpolityka
_yod 1989 r.
651 9 _aEuropa Środkowo-Wschodnia
_xsocjologia
_yod 1989 r.
700 1 _aPARADOWSKI, Ryszard.
_eRed.
700 1 _aOSSOWSKI, Szymon.
_eRed.
700 1 _aJURGA, Ewa.
_eRed.
830 _x1731-7517
040 _cBPK
041 0 _apol
080 _a32:316.3/.4](4-191.2-11)"1989/..."
942 _cKS
008 s pl f |000 0 pol
999 _c45021
_d45021
856 _uhttp://koha.tu.koszalin.pl/cgi-bin/koha/opac-detail.pl?biblionumber=45021
_yKatalog online BPK